| 000 | 00811nam a2200265 a 4500 | ||
|---|---|---|---|
| 999 |
_c5109 _d5109 |
||
| 001 | 1991542 | ||
| 003 | GBCCL | ||
| 005 | 20241126110533.0 | ||
| 008 | 891215s1989 gau e 000 0 eng | ||
| 010 | _a 89216959 | ||
| 020 | _a0915099209 | ||
| 040 |
_aDLC _cDLC |
||
| 050 | 0 | 0 |
_aRC81.A2 _bN436 1989 |
| 082 | 0 | 0 |
_a610.3 _220 _bNEW |
| 245 | 0 | 0 |
_aNew health tips encyclopedia / _cedited by Cal Beverly and June Gunden. |
| 250 | _a1st ed. | ||
| 260 |
_aPeachtree City, GA : _bFC&A Pub., _c1989. |
||
| 300 |
_a275 p. ; _c21 cm. |
||
| 650 | 0 |
_aMedicine, Popular _xDictionaries. _99218 |
|
| 700 | 1 |
_aBeverly, Cal. _99219 |
|
| 700 | 1 |
_aGunden, June. _99220 |
|
| 906 |
_a7 _bcbc _corignew _d2 _encip _f19 _gy-gencatlg |
||
| 942 |
_2ddc _cBK |
||